LEADER 01066cam2-2200385---450 001 990001644430403321 005 20200727124751.0 035 $a000164443 035 $aFED01000164443 035 $a(Aleph)000164443FED01 035 $a000164443 100 $a20030910d1976----km-y0itay50------ba 101 0 $aita 102 $aIT 105 $aa 001yy 200 1 $aColeoptera Dryopidae, Elminthidae$fa cura di Massimo Olmi 210 $aBologna$cCalderini$d1976 215 $aX, 280 p.$cill.$d24 cm 461 0$1001000164472$12001$aFauna d'Italia$v12 610 0 $aDryopidae 610 0 $aElminthidae 676 $a595.764 676 $a591.945$v23$zita 702 1$aOlmi,$bMassimo 801 0$aIT$bUNINA$gRICA$2UNIMARC 901 $aBK 912 $a990001644430403321 952 $a61 V A.8/149$b4484 (27/12/78)$fDAGEN 952 $a60 591.945 FAUITA (012)$b46637$fFAGBC 952 $a15 VI 1 (12$b18454$fDBV 959 $aDAGEN 959 $aFAGBC 959 $aDBV 996 $aColeoptera Dryopidae, Elminthidae$9372232 997 $aUNINA LEADER 03517nam 2200565 450 001 9910467057303321 005 20200520144314.0 010 $a1-5036-0233-8 024 7 $a10.1515/9781503602335 035 $a(CKB)3710000001389055 035 $a(MiAaPQ)EBC4862158 035 $a(DE-B1597)564899 035 $a(DE-B1597)9781503602335 035 $a(Au-PeEL)EBL4862158 035 $a(CaPaEBR)ebr11387031 035 $a(OCoLC)987903204 035 $a(OCoLC)1178769599 035 $a(EXLCZ)993710000001389055 100 $a20170614h20172017 uy 0 101 0 $aeng 135 $aur|n#|||||||| 181 $2rdacontent 181 $2rdacontent 182 $2rdamedia 183 $2rdacarrier 200 10$aAdvocacy and policy change evaluation $etheory and practice /$fAnnette L. Gardner and Claire D. Brindis 210 1$aStanford, California :$cStanford Business Books,$d2017. 210 4$dİ2017 215 $a1 online resource (267 pages) $cillustrations 311 $a0-8047-9256-9 320 $aIncludes bibliographical references and index. 327 $tFront matter --$tCONTENTS --$tPREFACE --$tACKNOWLEDGMENTS --$tILLUSTRATIONS --$tCHAPTER 1. POLICY AND POLICYMAKING --$tCHAPTER 2. ADVOCACY --$tCHAPTER 3. DESIGNING ADVOCACY AND POLICY CHANGE EVALUATIONS --$tCHAPTER 4. OUTCOMES AND METHODS IN ADVOCACY AND POLICY CHANGE EVALUATION --$tCHAPTER 5. UNIQUE INSTRUMENTS FOR ADVOCACY AND POLICY CHANGE --$tCHAPTER 6. EVALUATOR ROLES AND RELATIONSHIPS WITH STAKEHOLDERS --$tCHAPTER 7. ADVANCING ADVOCACY AND POLICY CHANGE EVALUATION PRACTICE --$tAPPENDIX. A SIX EVALUATION CASES --$tAPPENDIX B. ADVOCACY AND POLICY CHANGE EVALUATION RESOURCES --$tREFERENCES --$tINDEX 330 $aThis is the first book-length treatment of the concepts, designs, methods, and tools needed to conduct effective advocacy and policy change evaluations. By integrating insights from different disciplines, Part I provides a conceptual foundation for navigating advocacy tactics within today's turbulent policy landscape. Part II offers recommendations for developing appropriate evaluation designs and working with unique advocacy and policy change?oriented instruments. Part III turns toward opportunities and challenges in this growing field. In addition to describing actual designs and measures, the chapters includes suggestions for addressing the specific challenges of working in a policy setting, such as a long time horizon for achieving meaningful change. To illuminate and advance this area of evaluation practice, the authors draw on over 30 years of evaluation experience; collective wisdom based on a new, large-scale survey of evaluators in the field; and in-depth case studies on diverse issues?from the environment, to public health, to human rights. Ideal for evaluators, change makers, and funders, this book is the definitive guide to advocacy and policy change evaluation. 606 $aPolitical planning$xEvaluation 606 $aPolicy sciences$xEvaluation 606 $aSocial advocacy$xEvaluation 608 $aElectronic books. 615 0$aPolitical planning$xEvaluation. 615 0$aPolicy sciences$xEvaluation. 615 0$aSocial advocacy$xEvaluation. 676 $a320.6 700 $aGardner$b Annette L.$01040709 702 $aBrindis$b Claire D. 801 0$bMiAaPQ 801 1$bMiAaPQ 801 2$bMiAaPQ 906 $aBOOK 912 $a9910467057303321 996 $aAdvocacy and policy change evaluation$92463788 997 $aUNINA LEADER 01477nam 2200349 450 001 9910719764803321 005 20230624135737.0 024 7 $a10.46500/83530173 035 $a(CKB)4960000000468569 035 $a(NjHacI)994960000000468569 035 $a(EXLCZ)994960000000468569 100 $a20230624d2023 uy 0 101 0 $aeng 135 $aur||||||||||| 181 $ctxt$2rdacontent 182 $cc$2rdamedia 183 $acr$2rdacarrier 200 10$aJahrbuch der Deutschen Schillergesellschaft 51/2007 $eInternationales Organ fu?r Neuere Deutsche Literatur /$fWilfried Barner [and three others] 210 1$a[Erscheinungsort nicht ermittelbar] :$cWallstein Verlag,$d2023. 215 $a1 online resource (669 pages) 330 $aDas "Jahrbuch der Deutschen Schillergesellschaft" ist ein literaturwissenschaftliches Periodikum, das vorwiegend Beitra?ge zur deutschsprachigen Literatur von der Aufkla?rung bis zur Gegenwart vero?ffentlicht. Diese Zeitspanne entspricht den Sammelgebieten des Deutschen Literaturarchivs Marbach, das von der Deutschen Schillergesellschaft getragen wird. 517 $aJahrbuch der Deutschen Schillergesellschaft 51/2007 606 $aYearbooks 615 0$aYearbooks. 676 $a031.02 700 $aBarner$b Wilfried$0165626 801 0$bNjHacI 801 1$bNjHacl 906 $aBOOK 912 $a9910719764803321 996 $aJahrbuch der Deutschen Schillergesellschaft 51$93362618 997 $aUNINA